000 00421nam a22001337a 4500
020 _a9783030983154
040 _cNUST
082 _a006.3
_bPER
100 _aPereverzyev, Sergei
_9127898
245 _aAn Introduction to Artificial Intelligence Based on Reproducing Kernel Hilbert Spaces /
_cSergei Pereverzyev
260 _aSwitzerland :
_bBirkhauser ,
_c2022.
300 _a152p. ;
_bPaperback.
_c23cm.
942 _2ddc
_cBK
999 _c612907
_d612907